| 000 | 00417cam a2200157ua 4500 | ||
|---|---|---|---|
| 020 | _c215.00 | ||
| 041 |
_aeng _h |
||
| 100 | _aSundara Raju, M. | ||
| 245 |
_aTotal quality management: A primer / _cS.M.Sundara Raju. _hTextual Documents |
||
| 260 |
_aNew Delhi : _bTata Mc-Graw Hill Publishing Company , _c2005. |
||
| 300 | _a ; . | ||
| 365 | _a215.00 | ||
| 504 | _a | ||
| 942 | _cBK | ||
| 999 |
_c12959 _d12959 |
||